Buildings of Middlebury College Quiz Stats

 Plays Quiz not verified by Sporcle

Also try: 10 to 1: Candy
Challenge
Share
Tweet
Embed
Score 0/46 Timer 05:00
0 Plays Today
building name % Correct
McCardell Bicentennial Hall
87.5%
Proctor Hall
75%
Alexander Twilight Hall
66.7%
Atwater Suites A
66.7%
Gifford Hall
66.7%
Battell Hall
62.5%
Davis Family Library
62.5%
Hadley Hall
62.5%
Hepburn Hall
62.5%
Axinn Center at Starr Library
62.5%
Atwater Suites B
58.3%
Painter Hall
58.3%
Voter Hall
58.3%
Warner Hall
58.3%
Forest Hall
54.2%
LaForce Hall
54.2%
Le Chateau
54.2%
McCullough Student Center
54.2%
Mead Memorial Chapel
54.2%
Munroe Hall
54.2%
Stewart Hall
54.2%
Sunderland Language Center
54.2%
Allen Hall
50%
building name % Correct
Milliken Hall
50%
Old Chapel
50%
Ross Dining Hall
50%
Starr Hall
50%
Coffrin Hall
45.8%
Kelly Hall
45.8%
Pearsons Hall
45.8%
Center for the Arts
41.7%
Lang Hall
41.7%
Atwater Dining Hall
37.5%
Wright Memorial Theatre
37.5%
Franklin Environmental Center at Hillcrest
33.3%
Freeman International Center
33.3%
Johnson Memorial Building
33.3%
Adirondack House
29.2%
Carr Hall
29.2%
Emma Willard House
29.2%
Dana Auditorium
25%
Athletic Center
20.8%
Robert A. Jones '59 House
16.7%
Centeno House
12.5%
Recycling Center
12.5%
Ross Tower
4.2%

You're not logged in!

Compare scores with friends on all Sporcle quizzes.
OR
Log In

You Might Also Like...

Show Comments

Extras

Created Jan 9, 2012ReportNominate
Tags:College Quiz, building

Top Quizzes Today


Score Distribution

Your Account Isn't Verified!

In order to create a playlist on Sporcle, you need to verify the email address you used during registration. Go to your Sporcle Settings to finish the process.

Report this User

Report this user for behavior that violates our Community Guidelines.

Details: